000
00320 a2200145 4500
001
168783
020
_a
040
_c
Magnum
100
_a
Melo, Jose Augusto de
240
1
0
_a
Apostila de matematica - 1 parte
_l
por
245
1
0
_a
Apostila de matematica - 1 parte
362
0
_a
1899
697
_a
GERAL
942
_c
BK
999
_c
168783
_d
168783